Los omnisabios /

Colección de ensayos sobre la relación entre religión, ciencia y filosofía, en que el autor sostiene que no hay conflicto entre estas disciplinas humanas. Para probar su tesis de que la Iglesia católica nunca ha promovido el oscurantismo muestra cómo los sacerdotes siempre han hecho importantes apor...

全面介紹

Guardado en:
書目詳細資料
主要作者: Knox, Ronald
格式: 圖書
語言:西班牙语
出版: México : Jus, 1945, c1945
主題:
標簽: 添加標簽
沒有標簽, 成為第一個標記此記錄!

MARC

LEADER 00000nam^a2200000^a^4500
001 000186630
005 20250521000000.0
009 20260310102233.298
037 |a Acervo ITESO - Biblioteca 
041 |a ESP 
082 |a 261. 55  |b KNO 
100 |a Knox, Ronald 
245 1 4 |a Los omnisabios /  |c R. Knox ; tr. por Pedro Zuloaga. 
264 4 |a México :  |b Jus,  |c 1945, c1945 
300 |a 341 p. 
336 |a texto  |b txt  |2 rdacontenido 
337 |a sin mediación  |b n  |2 rdamedio 
338 |a volumen  |b nc  |2 rdasoporte 
500 |a Traducción de: Broadcast Minds 
520 |a Colección de ensayos sobre la relación entre religión, ciencia y filosofía, en que el autor sostiene que no hay conflicto entre estas disciplinas humanas. Para probar su tesis de que la Iglesia católica nunca ha promovido el oscurantismo muestra cómo los sacerdotes siempre han hecho importantes aportaciones al conocimiento científico. 
649 |a XX 
650 |a Iglesia Católica 
650 |a Epistemología 
650 |a Apologética 
650 |a Filosofía y Religión 
650 |a Religión y Ciencia 
650 |a Racionalismo 
650 |a Ciencia -  |x Difusión 
650 |a Cristianismo 
650 |a Religión 
910 |a Fondo General 
920 |a Impresos - Libros 
930 |a Colección General 
905 |a 101 
901 |a 0500128427  |b IT1  |c ACC  |u 20250521 
902 |a https://opac.biblio.iteso.mx/vufind/Record/000186630